Napak tilas jalan Allah

Bibliographic Details
Main Author: خراز, ابو سعيد احمد بن عيسا (Author)
Format: Book
Published: [Indonesia] : Amarpress , 1987
Subjects:

MARC

LEADER 00000cam a2200000 7i4500
001 0000007629
005 20090602093000.0
008 021119s1987
090 0 0 |a BP188.2   |b .K5315 
100 0 |a خراز, ابو سعيد احمد بن عيسا ,   |e author 
240 2 0 |a كتاب الصدق الخراز   |l Bahasa Malaysia 
245 1 0 |a Napak tilas jalan Allah   |c Abd al-Halim Mahmud   |f diterjemahkan oleh Abubakar Basymeleh 
260 2 |a [Indonesia] :   |b Amarpress ,   |c 1987 
300 |a 211 p. ;   |c 19 cm. 
650 0 |a Islam   |x Prayers and devotions 
999 |a 1000006721   |b Book   |c OPEN SHELF (30 DAYS)   |e Gong Badak Campus